¿Enemigos o colegas? El 15M y la hipótesis Podemos (Record no. 183674)

MARC details
000 -CABECERA
campo de control de longitud fija 02019nab a2200289 a 4500
005 - FECHA Y HORA DE LA ÚLTIMA TRANSACCIÓN
campo de control 20250404121825.0
008 - ELEMENTOS DE LONGITUD FIJA--INFORMACIÓN GENERAL
campo de control de longitud fija 991125c2016 sp fr p o 000 0 spa d
035 ## - NÚMERO DE CONTROL DEL SISTEMA
Número de control de sistema UPN01000211573
040 ## - FUENTE DE LA CATALOGACIÓN
Centro catalogador/agencia de origen UPN
Lengua de catalogación spa
Centro/agencia transcriptor UPN
Normas de descripción aacr2
049 ## - COLECCIÓN
Colección ART-E
100 1# - ASIENTO PRINCIPAL--NOMBRE PERSONAL
Nombre de persona Marzolf, Hedwig
100 1# - ASIENTO PRINCIPAL--NOMBRE PERSONAL
Filiación hedwig@marzolf.eu
100 1# - ASIENTO PRINCIPAL--NOMBRE PERSONAL
Nombre de persona Ganuza, Ernesto
100 1# - ASIENTO PRINCIPAL--NOMBRE PERSONAL
Filiación eganuza@iesa.csic.es
245 10 - MENCIÓN DE TÍTULO
Título ¿Enemigos o colegas? El 15M y la hipótesis Podemos
506 0# - NOTA DE RESTRICCIONES AL ACCESO
Limitaciones de acceso Acceso abierto
520 3# - NOTA DE RESUMEN, ETC.
Sumario, etc. En este artículo analizamos las tensiones y las contradicciones que atraviesan el intento de llevar a las instituciones políticas el movimiento de los indignados. Mediante una etnografía y observación participante en Madrid, Málaga y Córdoba alrededor del 15M (desde 2011) y Podemos (desde 2014) el artículo analiza las tensiones que atraviesan el intento de llevar a las instituciones políticas el movimiento de los indignados. Mostramos que estas tensiones se comprenden a partir del lugar y el sentido que tenía el consenso en el movimiento de los indignados, que fueron parcialmente ocultados por las críticas a la falta de eficacia del movimiento y su rechazo a adoptar una estrategia política basada en la representación institucional. A través del consenso, el 15M se revela, por debajo del concepto de Multitud al que fue primariamente asociado, como el imaginario irrepresentable de una sociedad de iguales. Si entendemos el consenso como la clave de la significación política del movimiento, nos preguntamos cómo la traducción hegemónica del movimiento propuesta por Podemos pudo reclamarse desde dicho imaginario.
650 #2 - ASIENTO SECUNDARIO DE MATERIA - TERMINO TEMATICO
Término de materia o nombre geográfico como elemento de entrada Hegemonía
9 (RLIN) 8743
653 0# - TERMINO DE INDIZACION - NO CONTROLADO
Término no controlado Multitud
653 0# - TERMINO DE INDIZACION - NO CONTROLADO
Término no controlado Democracia radical
653 0# - TERMINO DE INDIZACION - NO CONTROLADO
Término no controlado Indignados
773 ## - ENLACE AL DOCUMENTO FUENTE/ENTRADA DE REGISTRO ANFITRIÓN
Parte(s) relacionada(s) No. 33 (2016), p. 89-110
Título Empiria : revista de metodología de las ciencias sociales
Número Internacional Normalizado para Publicaciones Seriadas 1139-5737
856 4# - LOCALIZACIÓN Y ACCESO ELECTRÓNICOS
Identificador Uniforme del Recurso <a href="https://revistas.uned.es/index.php/empiria/article/view/15865">https://revistas.uned.es/index.php/empiria/article/view/15865</a>
902 ## - ELEMENTOS DE DATOS B LOCAL, LDB (RLIN)
Creó Gloria Jiménez/040425
905 ## - TIPO DE MATERIAL
Tipo de material Articulo
942 ## - ELEMENTOS DE PUNTO DE ACCESO ADICIONAL (KOHA)
Tipo de ítem Koha Artículo Electrónico
Holdings
Estado de retiro Estado de pérdida Estado dañado No para préstamo Código de colección Localización permanente Ubicación/localización actual Ubicación en estantería Fecha de adquisición Total de préstamos Fecha visto por última vez Identificador Uniforme del Recurso Precio válido a partir de Tipo de ítem Koha
        Acceso abierto Bib. Gregorio Torres Quintero Bib. Gregorio Torres Quintero En línea 04/04/2025   04/04/2025 https://revistas.uned.es/index.php/empiria/article/view/15865 04/04/2025 Artículo Electrónico